Número especial dedicado a la Exposición de Arte Mexicano (Record no. 7964)
[ view plain ]
| 000 -CABECERA | |
|---|---|
| campo de control de longitud fija | 00701nam a2200217 a 4500 |
| 001 - NÚMERO DE CONTROL | |
| campo de control | BRCA_8296 |
| 005 - FECHA Y HORA DE LA ÚLTIMA TRANSACCIÓN | |
| campo de control | 20190320210221.0 |
| 008 - DATOS DE LONGITUD FIJA--INFORMACIÓN GENERAL | |
| campo de control de longitud fija | 160614s1954----mx-a###f##---#001-0#spa-# |
| 041 ## - CÓDIGO DE LENGUA | |
| Código de lengua del texto/banda sonora o título independiente | spa |
| 044 ## - CÓDIGO DEL PAÍS DE LA ENTIDAD EDITORA/PRODUCTORA | |
| Código MARC del país | mx |
| 050 #4 - SIGNATURA TOPOGRÁFICA DE LA BIBLIOTECA DEL CONGRESO | |
| Número de clasificación | N6550 |
| Número de documento/Ítem | .A7 1954 |
| 245 10 - MENCIÓN DE TÍTULO | |
| Título | Número especial dedicado a la Exposición de Arte Mexicano |
| Mención de responsabilidad, etc. | redacción de Isaac Rojas Rosillo. |
| 260 ## - PUBLICACIÓN, DISTRIBUCIÓN, ETC. | |
| Lugar de publicación, distribución, etc. | México |
| Nombre del editor, distribuidor, etc. | Buró Interamericano de Arte |
| Fecha de publicación, distribución, etc. | 1954 |
| 300 ## - DESCRIPCIÓN FÍSICA | |
| Extensión | 80 p. |
| Otras características físicas | il. |
| Dimensiones | 29 cm. |
| 500 ## - NOTA GENERAL | |
| Nota general | Publicación seriada inventariada por el Banco de México como libro (No. 3 marzo de 1954) |
| 500 ## - NOTA GENERAL | |
| Nota general | S102 |
| 650 14 - PUNTO DE ACCESO ADICIONAL DE MATERIA--TÉRMINO DE MATERIA | |
| Término de materia o nombre geográfico como elemento de entrada | Arte mexicano |
| Subdivisión de forma | Exposiciones |
| 9 (RLIN) | 20716 |
| 700 1# - PUNTO DE ACCESO ADICIONAL--NOMBRE DE PERSONA | |
| Nombre de persona | Rojas Rosillo, Isaac |
| 9 (RLIN) | 20717 |
| 902 ## - CATALOGADOR | |
| Iniciales | GFM |
| 942 ## - ELEMENTOS DE PUNTO DE ACCESO ADICIONAL (KOHA) | |
| Fuente del sistema de clasificación o colocación | Library of Congress Classification |
| Tipo de ítem Koha | Libros |
| Estado de retiro | Estado de pérdida | Estado dañado | No para préstamo | Localización permanente | Ubicación/localización actual | Fecha de adquisición | Número de inventario | Total de préstamos | Signatura topográfica completa | Código de barras | Fecha visto por última vez | Precio válido a partir de | Tipo de ítem Koha |
|---|---|---|---|---|---|---|---|---|---|---|---|---|---|
| El ejemplar forma parte de la colección y puede ser consultado según las políticas vigentes. | Biblioteca del Museo Franz Mayer (Rogerio Casas-Alatriste) | Biblioteca del Museo Franz Mayer (Rogerio Casas-Alatriste) | 16/06/2014 | S102 | N6550 .A7 1954 (S102) | 8920 | 22/03/2019 | 22/03/2019 | Libros |